LEADER 01343nam a2200289 i 4500 001 000000156844 003 CaOOAMICUS 005 20061214000000.0 008 061214s2001 it u000 u ita u 013 $a134199 020 $a88-215-3512-6 040 $aSeMil$bita 100 1 $aNguyen Van Thuan, François-Xavier .$0(OLS)http://semarc/name/45405 245 10$aCinque pani e due pesci :$bdalla sofferenza del carcere una gioiosa testimonianza di fede /$cFrançois-Xavier Nguyen van Thuan. 250 $a3. ed. 260 $aCinisello Balsamo :$bSan Paolo,$c2001. 300 $a87 p. :$bill. ;$c18 cm. 490 0 $aNuovi fermenti ;$v32. 650 4$aCristianesimo - Meditazioni.$0(OLS)http://semarc/subject/1977 650 4$aComunismo - Persecuzioni religiose.$0(OLS)http://semarc/subject/21446 830 0$aNuovi fermenti ;$v32.$0(OLS)http://semarc/title/6221 850 $aSeMil 852 $aSeMil$W1$xVenegono$y1$m3F I 363$j108592$B108592$CSeMilBibl$Z2$F120499 $81 961 $aOmaggio: Martinelli don Romano 996 $6020$a88-215-3512-6$9(OLS)http://semarc/number/147061 996 $6245$aCinque pani e due pesci :$bdalla sofferenza del carcere una gioiosa testimonianza di fede$9(OLS)http://semarc/title/229959 996 $6260$aCinisello Balsamo :$bSan Paolo$9(OLS)http://semarc/publisher/30129 LEADER 00620nam a2200169 i 4500 001 000000230640 003 CaOOAMICUS 005 20140613000000.0 008 140613s1874 it u000 u ita u 013 $a209542 040 $aSeMil$bita 245 10$aVol. 1. 300 $aLXXI, 430 p., [1] c. geogr. ripieg. 773 0 $aCurci, Carlo Maria $tLezioni esegetiche e morali sopra i quattro evangeli.$dFirenze : Luigi Manuelli, 1874-1876.$g1$w()30069 850 $aSeMil 852 $aSeMil$W1$xVenegono$y1$m2V III 37 FA$j180986$B180986$CSeMilBibl$Z2$F191781 $8I 996 $6245$aVol. 1$9(OLS)http://semarc/title/13429